Catálogo
 En Linea

Canal : (Registro nro. 17723)

Detalles MARC
000 -CABECERA
campo de control de longitud fija 00723cam a2200205 i 4500
001 - NÚMERO DE CONTROL
campo de control 000018202
005 - FECHA Y HORA DE LA ÚLTIMA TRANSACCIÓN
campo de control 20200929165411.0
008 - DATOS DE LONGITUD FIJA--INFORMACIÓN GENERAL
campo de control de longitud fija 760505s1974 cu f000 1 spa
040 ## - FUENTE DE LA CATALOGACIÓN
Centro catalogador/agencia de origen DO-SdBNP
Lengua de catalogación spa
Centro/agencia transcriptor BNPHU
082 ## - NÚMERO DE LA CLASIFICACIÓN DECIMAL DEWEY
Número de clasificación xxx
Número de documento/Ítem C212
082 00 - NÚMERO DE LA CLASIFICACIÓN DECIMAL DEWEY
Número de clasificación 863
245 00 - MENCIÓN DE TÍTULO
Título Canal :
Resto del título tres relatos panamenos /
Mención de responsabilidad, etc. seleccion de Antonio Benitez Rojo.
260 ## - PUBLICACIÓN, DISTRIBUCIÓN, ETC.
Lugar de publicación, distribución, etc. La Habana :
Nombre del editor, distribuidor, etc. Casa de las Americas,
Fecha de publicación, distribución, etc. 1974.
300 ## - DESCRIPCIÓN FÍSICA
Extensión 96 p. ;
Dimensiones 16 cm.
490 0# - MENCIÓN DE SERIE
Mención de serie Coleccion La Honda
505 0# - NOTA DE CONTENIDO CON FORMATO
Nota de contenido con formato Beleno C., J. Canal.--Changmarin, C. F. Faragual.--Sinan, R. Bobby.
700 12 - PUNTO DE ACCESO ADICIONAL--NOMBRE DE PERSONA
Nombre de persona Beleno C., Joaquin,
Fechas asociadas al nombre 1922-
Título de la obra Canal.
Fecha de publicación/de la obra 1974.
9 (RLIN) 39412
700 12 - PUNTO DE ACCESO ADICIONAL--NOMBRE DE PERSONA
Nombre de persona Changmarin,
Fechas asociadas al nombre 1922-
Título de la obra Faragual.
Fecha de publicación/de la obra 1974.
9 (RLIN) 39413
700 12 - PUNTO DE ACCESO ADICIONAL--NOMBRE DE PERSONA
Nombre de persona Sinan, Rogelio,
Fechas asociadas al nombre 1904-
Título de la obra Bobby.
Fecha de publicación/de la obra 1974.
9 (RLIN) 39414
Existencias
Estado de retiro Estado de pérdida Restricciones de uso No para préstamo Código de colección Localización permanente Ubicación/localización actual Ubicación en estantería Fecha de adquisición Número de inventario Total de préstamos Signatura topográfica completa Código de barras Fecha visto por última vez Precio válido a partir de Tipo de ítem Koha
        Monografías: Libros y Folletos General General En catalogación 20.04.2010 LF1   xxx 863 C212 18202-10 25.06.2020 25.06.2020 Préstamo en sala

Con tecnología Koha